00750nam a22002057a 4500999001900000005001700019010001300036020002600049035001300075037000900088082001000097100001800107245008200125260002900207270004400236300002900280500004900309942002400358952016200382 c180168d18016820210727152847.0 aB-740652 a9788173048531c595.00 aB-740652 bGift a940.2 aSinha, Arvind aEurope in transition:bfrom feudalism to industrialization /cby Arvind Sinha aNew DelhibManoharc2013 a4753/23, Ansari RoadbDaryaganje110002 a782p.:bmaps.c22cm(pbk) ainclude bibliographical references and index 2ddccENmSINh940.2 001040708NFICaLbLd2021-07-27eGift/Eng/07-07-2021g595.00l11m9o940.2 SINpB-740652r2025-08-20 00:00:00s2025-07-08t1v595.00w2021-07-27yENzGift